00285nam a2200109Ia 4500008004100000100001300041245003300054260004300087650002100130942000700151999001700158190216s9999||||xx |||||||||||||| ||und|| aGovindan 0aCommunisathil Ninnum Munnoot bSahithya Pravarthaka Sahakarana Sangam aMalayalam Essays cBK c23975d23975